|
|
|
|
| LEADER |
00000nab a2200000 a 4500 |
| 001 |
vtls000615754 |
| 003 |
SK-MaSNL |
| 005 |
20260303013834.0 |
| 008 |
160401c xo 0 slo |
| 015 |
|
|
|a SNBRA19rr/mm-uuuuu
|
| 035 |
|
|
|a CL0615893
|
| 040 |
|
|
|a SNKBUCL
|b slo
|c SNKBUCL
|e AACR2
|
| 041 |
0 |
|
|a slo
|
| 044 |
|
|
|a xo
|c SK
|
| 080 |
|
|
|a 371(437.6)"1939/1945":37(05)(437.6)
|2 1981
|
| 080 |
|
|
|a 37(05)(437.6)
|2 1981
|
| 100 |
1 |
|
|a Poljak, Ivan
|4 aut
|9 5454
|
| 245 |
1 |
0 |
|a Slovenské školstvo na stránkach pedagogických časopisov v období rokov 1939-1945
|c Ivan Poljak
|
| 300 |
|
|
|b Lit. 16 zázn.
|
| 650 |
0 |
7 |
|a školstvo
|2 snkbucl
|9 19712
|
| 650 |
0 |
7 |
|a tlač pedagogická
|2 snkbucl
|9 994966
|
| 655 |
|
7 |
|a články zo zborníkov
|2 snkbucl
|9 166140
|
| 773 |
0 |
|
|z 8070980680
|t Dejiny školstva v slovenskej pedagogickej časopiseckej tvorbe
|d Bratislava : Ústav informácií a prognóz školstva, mládeže a telovýchovy
|g S. 44-51
|
| 850 |
|
|
|a Slovenská národná knižnica v Martine
|a MTA001
|
| 852 |
|
|
|a SNK
|b KIS3GCP
|
| 958 |
|
|
|a SK
|
| 958 |
|
|
|a NB
|
| 958 |
|
|
|a RK
|
| 958 |
|
|
|a RZB
|
| 999 |
|
|
|c 1604679
|d 1606609
|